00445nam a22001217a 4500008004100000040005500041080002400096245011400120260005000234300001000284650001400294653001500308230608b |||||||| |||| 00| 0 eng d aNational Science LibrarycNational Science Library a620.4:66(082.2)bM1 aNational symposium on maintenance management of power stations and chemical process industries March 5-6,1981 aBombay: bDepartment of Atomic Energy, c1981 a750p. aChemical  aIndustries